Statistics for Mystery Categories #2

Click here to take the quiz!

General Stats

  • This quiz has been taken 2,020 times
  • The average score is 20 of 30

Answer Stats

HintAnswer% Correct
lapmPalm
97%
ftilLift
94%
moroRoom
92%
eimtTime
92%
nbeaBean
91%
hbrsuBrush
88%
othlcCloth
87%
neudDune
87%
lptnaPlant
85%
etlysStyle
84%
eepicPiece
81%
estnoStone
80%
hseeecCheese
79%
luaveValue
72%
sayrpSpray
71%
emfarFrame
70%
CATEGORY 1HAIR
70%
ipprePiper
63%
erwtteWetter
62%
CATEGORY 3SAND
60%
anlsoSalon
58%
atlcesCastle
52%
adpresSpread
52%
CATEGORY 4BED
39%
CATEGORY 2FACE
34%
yorhetTheory
28%
atlbesrBlaster
27%
aeuqttrQuartet
25%
CATEGORY 5STRING
23%
mnsuttrineInstrument
12%

Score Distribution

Percentile by Number Answered

Percent of People with Each Score

Your Score History

You have not taken this quiz